Music Quiz

Random Music or Song Quiz

Top 40 Hits: Stars of the 70s Part 2 Quiz Stats

 Plays Quiz not verified by Sporcle

Challenge
Share
Tweet
Embed
Score 0/58 Timer 15:00
0 Plays Today
Artist Song % Correct
Billy JoelPiano Man
89.7%
Fleetwood MacGo Your Own Way
80.5%
HeartBarracuda
80.5%
Fleetwood MacDreams
79.3%
KissBeth
78.2%
Earth, Wind & FireSeptember
75.9%
KissRock And Roll All Nite (Live)
73.6%
Fleetwood MacDon't Stop
72.4%
HeartMagic Man
69%
Electric Light OrchestraTelephone Line
67.8%
Fleetwood MacRhiannon
66.7%
Electric Light OrchestraEvil Woman
63.2%
Billy JoelJust The Way You Are
63.2%
Electric Light OrchestraDon't Bring Me Down
62.1%
Electric Light OrchestraMr Blue Sky
62.1%
KissDetroit Rock City
60.9%
Fleetwood MacTusk
59.8%
Billy JoelMy Life
59.8%
Billy JoelMovin' Out (Anthony's Song)
59.8%
Fleetwood MacYou Make Loving Fun
58.6%
HeartCrazy On You
58.6%
Billy JoelShe's Always A Woman
56.3%
Earth, Wind & FireShining Star
54%
Electric Light OrchestraCan't Get It Out Of My Head
50.6%
KissI Was Made For Lovin' You
50.6%
Billy JoelOnly The Good Die Young
49.4%
Electric Light OrchestraTurn To Stone
48.3%
Earth, Wind & FireBoogie Wonderland (with The Emotions)
48.3%
Billy JoelBig Shot
47.1%
Artist Song % Correct
Electric Light OrchestraLivin' Thing
46%
Electric Light OrchestraSweet Talkin' Woman
46%
Earth, Wind & FireAfter The Love Has Gone
42.5%
Fleetwood MacSay You Love Me
42.5%
Electric Light OrchestraDo Ya
41.4%
Fleetwood MacOver My Head
37.9%
HeartDog And Butterfly
37.9%
Electric Light OrchestraStrange Magic
36.8%
KissHard Luck Woman
36.8%
Billy JoelHonesty
35.6%
Earth, Wind & FireGot To Get You Into My Life
33.3%
KissShout It Out Loud
33.3%
Electric Light OrchestraShine A Little Love
31%
Earth, Wind & FireSing A Song
31%
Earth, Wind & FireThat's The Way Of The World
31%
Earth, Wind & FireSerpentine Fire
31%
Earth, Wind & FireFantasy
29.9%
HeartStraight On
26.4%
Electric Light OrchestraConfusion
24.1%
KissCalling Dr Love
24.1%
KissChristine Sixteen
24.1%
Billy JoelThe Entertainer
23%
Earth, Wind & FireGetaway
18.4%
HeartHeartless
18.4%
KissRocket Ride
12.6%
Earth, Wind & FireSaturday Nite
10.3%
Earth, Wind & FireMighty Mighty
10.3%
Earth, Wind & FireCan't Hide Love
6.9%
Earth, Wind & FireDevotion
5.7%

You're not logged in!

Compare scores with friends on all Sporcle quizzes.
OR
Log In

You Might Also Like...

Show Comments

Extras

Top Quizzes Today


Score Distribution

Your Account Isn't Verified!

In order to create a playlist on Sporcle, you need to verify the email address you used during registration. Go to your Sporcle Settings to finish the process.

Report this User

Report this user for behavior that violates our Community Guidelines.

Details: